00550nam a22001812 4500001001100000005001700011008004100028020002600069040001500095100003200110245007100142250001200213260003500225300001800260650002800278700003000306700003200336000000006220151217151743.0070109s xx 000 0 eng d a0471249327 :cKES 700 aKABUcKABU1 aHuffman, Karen.@000014804410aPsychology in action /cKaren Huffman, Mark Vernoy, Judith Vernoy. a5th ed. aNew York :bJohn Wiley,c2000. axxiii, 617 p. 0aPsychology.@00000249811 aVernoy, Mark.@00001480451 aVernoy, Judith.@0000148046